CASE OF THE BONSAI MANAGER LESSONS FOR M (Record no. 23657)

MARC details
000 -LEADER
fixed length control field 00359nam a2200133Ia 4500
008 - FIXED-LENGTH DATA ELEMENTS--GENERAL INFORMATION
fixed length control field 240624s9999 xx 000 0 und d
041 ## - LANGUAGE CODE
Language code of text/sound track or separate title eng
082 ## - DEWEY DECIMAL CLASSIFICATION NUMBER
Classification number 658 GOP
100 ## - MAIN ENTRY--PERSONAL NAME
Personal name GOPALAKRISHNAN R
245 ## - TITLE STATEMENT
Title CASE OF THE BONSAI MANAGER LESSONS FOR M
260 ## - PUBLICATION, DISTRIBUTION, ETC.
Date of publication, distribution, etc. 2009
Place of publication, distribution, etc. New Delhi
Name of publisher, distributor, etc. Portfolio Penguin
300 ## - PHYSICAL DESCRIPTION
Extent xxx, : 338 : p. : cm. ; 23
365 ## - TRADE PRICE
Currency code RS
Price amount 25
Holdings
Withdrawn status Lost status Damaged status Not for loan Home library Current library Shelving location Date acquired Source of acquisition Cost, normal purchase price Full call number Barcode Date last seen Copy number Price effective from Koha item type
        IMTN IMTN Rack 22-B 11/05/2014 VBC 399.00 658 GOP 23657 06/24/2024 1 06/24/2024 Books
Designed & Maintained by: LRC IMT Nagpur Contact: lrc@imtnag.ac.in© 2024. All Rights Reserved.